| 000 | 00629 a2200217 4500 | ||
|---|---|---|---|
| 003 | IN-BaIIA | ||
| 005 | 20251204115639.0 | ||
| 008 | 251204b |||||||| |||| 00| 0 eng d | ||
| 020 | _a978-3-031-79099-7 | ||
| 040 | _cIIA Library | ||
| 080 |
_a51:52 _bSCH |
||
| 100 |
_aSchiff, Joel L. _949299 |
||
| 245 |
_aBasic mathematical insights into astrophysics _cJoel L. Schiff |
||
| 260 |
_aSwitzerland _bSpringer _c2025 |
||
| 300 | _axiv, 247p. | ||
| 490 | _aUndergraduate lecture notes in physics | ||
| 650 |
_aLaws of physics _933218 |
||
| 650 | _aRelativity | ||
| 650 |
_aBlack holes; Mathematics _949301 |
||
| 942 |
_2udc _cBK |
||
| 999 |
_c36133 _d36133 |
||